The 15 Longest Rivers In Serbia - Statistics

General Stats
  • This quiz has been taken 124 times
  • The average score is 10 of 15
Answer Stats
Hint Answer % Correct
588km Dunav
100%
206km Sava
99%
164km Tisa
96%
308km Zapadna morava
93%
246km Južna morava
91%
186km Velika Morava
91%
220km Drina
84%
183km Ibar
64%
151km Nišava
64%
202km Timok
57%
118km Tamiš
46%
158km Mlava
26%
129km Pek
26%
115km Uvac
21%
130km Toplica
13%
No matching quizzes found
Score Distribution
Percent of People with Each Score
Percentile by Number Answered
Your Score History
You have not taken this quiz